1079 1086 1703 1276 1837 1234 1493 1871 1795 1590 1371 1054 1129 1012 1091 1818 1112 1189 1312 1412 1523 1332 1948 1536 1147 1817 1317 1964 1941 1336 1390 1202 1057 1319 1858 1519 1378 1397 1053 1068 1057 1720 1757 1822 1661 1729 1311 1555 1323 1739 1605 1562 1109 1309 1892 1364 1264 1324 1768 1719 1304 1480 1379 1985 1909 1883 1982 1497 1403 1253 1183 1243 1701 1468 1714 1897 1635 1633 1411 1716 1341 1833 1043 1413 1135 1742 1283 1767 1553 1452 1422 1284 1726 1070 1535 1457 1385 1198 1619 BCNSPRNW ULIB Ver.6.0+V

เปลี่ยนเป็นภาษาไทย

Change to English
 แสดงรายละเอียดบรรณานุกรม
  กลับหน้าหลัก

Brief Record : Get Marc (ISO 2709) : E-mail record : QR code < ปิดหน้าต่าง
LEADER : 00000nam 2200000uu 4500
001    13399122316
003     ULIB
008    110610s2555||||th 000 0 tha d
020    9789747423389
060  4 WY16^bว528ป
100 0  วิจิตรา กุสุมภ์
245 00 ประเด็นและแนวโน้มวิชาชีพการพยาบาล =^bTrends & issue of nursing profession/^cวิจิตรา กุสุมภ์ และคณะ
246 0  Trends & issue of nursing profession
250    พิมพ์ครั้งที่ 2 (ฉบับปรับปรุง)
260    กรุงเทพฯ^bสหประชาพาณิชย์,^c2555
300    363 หน้า
650  7 การพยาบาล^xแนวโน้ม
650  7 วิชาชีพการพยาบาล
945    ^p290^l0^i19870
945    ^p290^l0^i19871
945    ^p290^l0^i19873
945    ^p290^l0^i20124
945    ^p290^l0^i20125
945    ^p290^l0^i20476
945    ^p290^l0^i20477
995    ทศพร
999    ^aใช้งานได้ทุกระบบ
รายการนี้ยังไม่มีแท็ก
คุณยังไม่ได้ล็อกอิน คุณสามารถมีกิจกรรมร่วมกับเว็บไซต์ได้ แต่ต้องล็อกอินก่อน ::
  ล็อกอิน

รายการสื่อสารสนเทศ

ลำดับที่ ประเภท เลขเรียก/บาร์โค้ด สถานที่ สถานะ
1. Book การพยาบาล
Book การพยาบาล
WY16 ว528ป ฉ.1 
  Barcode: 19870
ห้องสมุดวิทยาเขตนครสวรรค์
►ส่วนจัดเก็บหนังสือเก่า นว.
บนชั้น
  ขอยืม
2. Book การพยาบาล
Book การพยาบาล
WY16 ว528ป ฉ.2 
  Barcode: 19871
ห้องสมุดวิทยาเขตนครสวรรค์
►ส่วนจัดเก็บหนังสือเก่า นว.
บนชั้น
  ขอยืม
3. Book การพยาบาล
Book การพยาบาล
WY16 ว528ป ฉ.3 
  Barcode: 19873
ห้องสมุดวิทยาเขตนครสวรรค์
►ส่วนจัดเก็บหนังสือเก่า นว.
บนชั้น
  ขอยืม
4. Book การพยาบาล
Book การพยาบาล
WY16 ว528ป ฉ.4 
  Barcode: 20124
ห้องสมุดวิทยาเขตนครสวรรค์
►ส่วนจัดเก็บหนังสือเก่า นว.
บนชั้น
  ขอยืม
5. Book การพยาบาล
Book การพยาบาล
WY16 ว528ป ฉ.5 
  Barcode: 20125
ห้องสมุดวิทยาเขตนครสวรรค์
►ส่วนจัดเก็บหนังสือเก่า นว.
บนชั้น
  ขอยืม
6. Book การพยาบาล
Book การพยาบาล
WY16 ว528ป ฉ.6 
  Barcode: 20476
ห้องสมุดวิทยาเขตนครสวรรค์
►ส่วนจัดเก็บหนังสือเก่า นว.
บนชั้น
  ขอยืม
7. Book การพยาบาล
Book การพยาบาล
WY16 ว528ป ฉ.7 
  Barcode: 20477
ห้องสมุดวิทยาเขตนครสวรรค์
►ส่วนจัดเก็บหนังสือเก่า นว.
บนชั้น
  ขอยืม

รายการใกล้เคียง
    ผู้แต่ง [วิจิตรา กุสุมภ์]

    หัวเรื่อง [วิชาชีพการพยาบาล]

BibComment


ยังไม่เคยถูกคอมเมนท์

คอมเมนท์ทรัพยากรรายการนี้
  คอมเมนท์: ประเด็นและแนวโน้ม..


 Copyright 2026. Bcnsprnw @Library